| 000 | 00354cam a22001457a 4500 | ||
|---|---|---|---|
| 008 | 180718b2006 xxu||||| |||| 00| 0 eng d | ||
| 020 | _a8131600416 | ||
| 082 | _aJ7 V59 | ||
| 100 | _aVerma, L.N. | ||
| 245 |
_aUrban geography _cby L.N. Verma |
||
| 260 |
_aJaipur _bRawat _c2006 |
||
| 300 | _a300p. | ||
| 650 | _aCity planning | ||
| 650 | _aUrban geography | ||
| 999 |
_c406505 _d406505 |
||